000 00425nam a2200157Ia 4500
008 260407s2023 xx 000 0 und d
041 _aeng
082 _a001.42/HAJ
_b11559
100 _aDR,ASHOK HAJARE
245 _aBIOSTATISTICS AND RESEARCH METHODOLOGY
250 _a6TH
260 _aPUNE
_bNIRLAI PRAKASHAN
_c2023
300 _a5.58p
650 _aBIOSTATISTICS AND RESEARCH METHODOLOGY
650 _aPHARMACEUTICS
999 _c1219051
_d1219051